000 00398nam a2200181Ia 4500
001 12870
005 20260306163012.0
008 260306t1951||||xx |||||||||||||| ||spa||
041 _aESP
082 _aRD 423
_bT48
100 _aThorndike
_eAUT
245 0 _aDictionary
260 _c1951
300 _a896 páginas :
_c22 cm.
650 _aGEN
654 _aCHU
942 _cLIB
_dJUS
_fJUS
_2ddc
_n
999 _c12870
_d12870